Alemania, Cuadros de viaje /

Guardado en:
Detalles Bibliográficos
Autor principal: Heine, Heinrich (autor)
Formato: Libro
Idioma:Español
Publicado: México : Porrúa, 1991, c1991
Colección:(Sepan Cuántos ; 599)
Temas:
Etiquetas: Agrega una etiqueta
Sin etiquetas, Sé el primero en etiquetar este registro!

MARC

LEADER 00000nam^a2200000^a^4500
001 000302425
005 20250521000000.0
009 20260310112614.653
020 |a 968-452-469-2 
037 |a Acervo ITESO - Biblioteca 
041 |a ESP 
082 |a 082.  |b POR V. 599 
100 |a Heine, Heinrich  |e (autor) 
240 1 1 |a [Alemania, de Heinrich Heine) 
240 1 1 |a [Cuadros de viaje] 
245 1 0 |a Alemania, Cuadros de viaje /  |c H. Heine ; pról. Maxime Alexandre. 
264 4 |a México :  |b Porrúa,  |c 1991, c1991 
300 |a XXIII, 307 p. 
336 |a texto  |b txt  |2 rdacontenido 
337 |a sin mediación  |b n  |2 rdamedio 
338 |a volumen  |b nc  |2 rdasoporte 
440 1 |a (Sepan Cuántos ;  |v 599) 
649 |a XX 
650 |a Viajes y Travesías -  |z Italia 
650 |a Libros de Viajes Alemanes 
650 |a Romanticismo (Literatura) -  |z Alemania 
650 |a Literatura Alemana -  |y Siglo XIX 
650 |a Literatura Alemana -  |x Historia y Crítica 
650 |a Filosofía Alemana -  |x Historia y Crítica 
650 |a Alemania -  |x Historia 
650 |a Alemania en la Literatura 
650 |a Italia en la Literatura 
740 0 |a Alemania /  |c H. Heine ; pról. Maxime Alexandre. 
740 0 |a Cuadros de viaje /  |c H. Heine ; pról. Maxime Alexandre. 
910 |a Fondo General 
920 |a Impresos - Libros 
930 |a Colección General 
940 |a Literatura 
905 |a 101 
901 |a 0500188258  |b IT1  |c LIT  |i C120643  |u 20250521 
902 |a https://opac.biblio.iteso.mx/vufind/Record/000302425